[Event "BRA-ch U18"]
[Site "Aracaju"]
[Date "2024.05.23"]
[Round "4"]
[White "Rego Filho, Reinaldo De Nazare"]
[Black "Nascimento, Lucas George Olivei"]
[Result "0-1"]
[WhiteElo "1772"]
[BlackElo "1813"]
[PlyCount "84"]
[EventDate "2024.05.22"]
[EventType "swiss"]
[EventRounds "6"]
[EventCountry "BRA"]
[SourceTitle "CBM 220 Extra"]
[Source "ChessBase"]
[SourceDate "2024.07.31"]
[SourceVersion "1"]
[SourceVersionDate "2024.07.31"]
[SourceQuality "1"]

1. e4 c5 2. Nf3 Nc6 3. d4 cxd4 4. Nxd4 Nf6 5. Nc3 e5 6. Ndb5 d6 7. Be2 a6 8. Na3 b5 9. Be3 b4 10. Nd5 bxa3 11. Bb6 Qd7 12. Nc7+ Ke7 13. Nxa8 Qb7 14. Bc7 Ne8 15. Bb6 Qxa8 16. bxa3 Nf6 17. Rb1 Nxe4 18. Rb3 Be6 19. Rd3 Qb7 20. Be3 Bc4 21. Bf3 Bxd3 22. cxd3 Nf6 23. 0-0 Qd7 24. Re1 g6 25. Qa4 Nb8 26. Qb4 Bg7 27. Rc1 Qb5 28. Rc7+ Nbd7 29. Bc6 Qxb4 30. axb4 Rb8 31. Bg5 Ke6 32. a3 d5 33. f4 Kd6 34. Ra7 Kxc6 35. fxe5 Nxe5 36. Rxa6+ Rb6 37. Ra7 Ned7 38. Ra5 h6 39. Be3 Rb8 40. Ra6+ Kb7 41. Ra7+ Kc8 42. Ra6 g5 0-1